000 00326nam a22001337a 4500
008 260530b |||||||| |||| 00| 0 eng d
020 _a9789381275351
082 _a001952
100 _aKatti, Ranganath
245 _aGarudapurana
260 _aBangalore
_bPoorna Prajna Samshodhan Trust
_c2018
300 _a526p
942 _2ddc
999 _c1474
_d1474